Lehrbuch der Algebra. Band 1. /

Hlavní autor: Weber, Heinrich, 1842-1913
Jazyk: Němčina
Vydáno: Braunschweig : Vieweg, 1912
Vydání: 2. Auflage, neuer Abdr.
Témata:
Fyzický popis: xv, 703 stran
Knihy
Uloženo v:
LEADER 00899nam a22002892i 4500
001 001504671
003 CZ BrMZK
005 20160429130106.0
007 ta
008 160112s1912 gw er|||||||||||ger d
040 |a BOA001  |b cze  |e rda 
072 7 |x Algebra  |a 512  |2 Konspekt  |9 13 
100 1 |a Weber, Heinrich,  |d 1842-1913  |7 skuk0005833  |4 aut 
245 1 0 |a Lehrbuch der Algebra.  |n Band 1. /  |c von Heinrich Weber 
250 |a 2. Auflage, neuer Abdr. 
264 1 |a Braunschweig :  |b Vieweg,  |c 1912 
300 |a xv, 703 stran 
336 |a text  |b txt  |2 rdacontent 
337 |a bez média  |b n  |2 rdamedia 
338 |a svazek  |b nc  |2 rdacarrier 
650 0 7 |a algebra  |7 ph114025  |2 czenas 
655 7 |a učebnice  |7 fd133770  |2 czenas 
910 |a BOA001  |b 2-0249.766,1 
990 |a BK 
993 |a Y 
991 |b 201601 
996 6 |b 2618730681  |c 2-0249.766,1  |l MZK  |r Sklad / do 24 hodin  |n 0  |w 001539759  |u 000010  |a 1  |e BOA001  |j MZK50  |s P